Exposición que hacen a las Cortes Generales y Extraordinarias de la Nación Española, los individuos que compusieron la Junta Central Suprema Gubernativa de la misma, de su conducta en el tiempo de su administración. (Record no. 53486)
[ view plain ]
| 000 -LEADER | |
|---|---|
| campo de control de longitud fija | 00970nam a22002055i 4500 |
| 001 - NÚMERO DE CONTROL | |
| campo de control | 53486 |
| 003 - IDENTIFICADOR DE NÚMERO DE CONTROL | |
| campo de control | ES-MaACL |
| 005 - FECHA Y HORA DE LA ÚLTIMA TRANSACCIÓN | |
| campo de control | 20240229062721.0 |
| 007 - CAMPO FIJO DE DESCRIPCIÓN FÍSICA--INFORMACIÓN GENERAL | |
| campo de control de longitud fija | t| |
| 008 - DATOS DE LONGITUD FIJA--INFORMACIÓN GENERAL | |
| campo de control de longitud fija | 950928s1811 sp ||||1| spa d |
| 040 ## - FUENTE DE CATALOGACIÓN | |
| Centro catalogador/agencia de origen | CAM |
| Lengua de catalogación | spa |
| Centro/agencia transcriptor | CAM |
| 110 2# - ENTRADA PRINCIPAL--NOMBRE DE ENTIDAD CORPORATIVA | |
| Nombre de entidad corporativa o nombre de jurisdicción como elemento de entrada | España. |
| Unidad subordinada | Junta Central Suprema Gubernativa del Reino. |
| 9 (RLIN) | 161587 |
| 245 10 - MENCIÓN DEL TÍTULO | |
| Título | Exposición que hacen a las Cortes Generales y Extraordinarias de la Nación Española, los individuos que compusieron la Junta Central Suprema Gubernativa de la misma, de su conducta en el tiempo de su administración. |
| 260 ## - PUBLICACIÓN, DISTRIBUCIÓN, ETC. | |
| Lugar de publicación, distribución, etc. | Cádiz : |
| Nombre del editor, distribuidor, etc. | [s.n.], |
| Fecha de publicación, distribución, etc. | 1811 ( |
| Fabricante | Imp. del Estado Mayor) |
| 300 ## - DESCRIPCIÓN FÍSICA | |
| Extensión | 2 v. ; |
| Dimensiones | 32 cm. |
| 505 8# - NOTA DE CONTENIDO CON FORMATO | |
| Nota de contenido con formato | Contiene:Sección primera (XIII, 33, 54 p.) -- Sección segunda: Ramo diplómatico o de relaciones extrangeras (37, 219 p., [1] h. de grab. pleg.) |
| 651 #4 - PUNTO DE ACCESO ADICIONAL DE MATERIA--NOMBRE GEOGRÁFICO | |
| Nombre geográfico | España- |
| Subdivisión general | Historia- |
| Subdivisión cronológica | 1808-1814, Guerra de la Independencia |
| 9 (RLIN) | 8244 |
| 852 ## - LOCALIZACIÓN | |
| Ubicación | ES-MaACL |
| Número de control de estantería | Z-111-112 |
| Encuadernación | Olim: B-11438-39 |
| Estatus retirado | Estado de pérdida | Estado de daño | No para préstamo | Colección | Biblioteca de origen | Biblioteca actual | Ubicación en estantería | Fecha de adquisición | Fuente de adquisición | Total de préstamos | Signatura topográfica completa | Código de barras | Visto por última vez | Precio de reemplazo | Tipo de ítem Koha |
|---|---|---|---|---|---|---|---|---|---|---|---|---|---|---|---|
| Libros del s. XIX | Biblioteca del Ateneo de Madrid | Biblioteca del Ateneo de Madrid | Depósito Z | 17/01/2008 | Z-111-112 | 1056201 | 23/02/2023 | 23/02/2023 | Libro impreso antiguo |
